000 00595nam a2200181Ia 4500
003 GCL
008 140319s9999 xx 000 0 ara d
040 _aGCL /
_cGCL
082 0 4 _a219.1
_bع ع
100 1 _aعبدالرب نواب الدين
245 1 0 _aمل المرأه وموقف الاسلام منه /
_cعبدالرب نواب الدين
260 _a[S.N] :
_bدار الوفاء للطباعة والنشر والتوزيع ،
_c1987
300 _a20 ص
490 _a
650 0 4 _aالمرأة العاملة
650 0 4 _aالمرأة فى الاسلام
942 _2ddc
_cBK
999 _c53614
_d53614